LEADER 01166nam a2200265 4500 001 000000367419 003 CaOOAMICUS 005 20260423120324.0 008 260422s2022 it a 000 u ita r 020 $a978-88-6700-904-6 040 $aSeMil$bita 100 1 $aPaci, Paolo,$d<1959- >.$0(OLS)http://semarc/name/124223 245 12$aL'alfabeto del Paradiso :$bstoria di un parco nazionale, delle sue cime, delle sue genti /$cPaolo Paci. 264 1$aMilano :$bCorbaccio,$c2022. 300 $a323 p. :$bill. ;$c21 cm 490 1 $aExploits 650 4$aParco Nazionale Gran Paradiso - Storia.$0(OLS)http://semarc/subject/60075 830 0$aExploits.$0(OLS)http://semarc/title/432302 850 $aSeMil 852 $aSeMil$W1$xVenegono$y1$m3P II 439$j270784$B258118$CSeMilBibl$Z2$F258118 $81 961 $aCaspani Maurizio - Lascito 996 $6020$a978-88-6700-904-6$9(OLS)http://semarc/number/305733 996 $6245$aL'alfabeto del Paradiso :$bstoria di un parco nazionale, delle sue cime, delle sue genti$9(OLS)http://semarc/title/459345 996 $6264$aMilano :$bCorbaccio$9(OLS)http://semarc/publisher/31394